Guess the Queen songs by the first 10 alphabetical words - Statistics

General Stats
  • This quiz has been taken 12 times
  • The average score is 8 of 15
Answer Stats
First ten words Song % Correct
aching, again(st), anyone, aside, away, baby, back, because, beelzebub, been. Bohemian Rhapsody
100%
absolutely, action, address, again, Antoinette, anytime, appetite, avoid, baroness, beam. Killer Queen
70%
all, alright, back, banner, better, big, blood, boy, Buddy, can. We Will Rock You
70%
ain't, along, alright, another, bad, beat, bite(s), brim, bring, bullets. Another One Bites The Dust
60%
all, America, bark, beauties, believe, bicycle, bike, bite, black, bottomed. Bicycle Race
60%
about, alive, alright, around, atom, ball, bomb, burnin', call, 'cause. Don't Stop Me Now
60%
alone, baby, break, can't, do, don't, door, fallen, first, for. I Want To Break Free
50%
all, alone, around, backdrop, background, become, blah, boys, care, changes. Radio Ga Ga
50%
all, automo-love, automobile, back, boy-racer, buy, car(s), carburetor, clean, cruisin'. I'm In Love With My Car
40%
ache, ain't, all, alright, anybody, anywhere, barely, beat, believ(ing), bones. Somebody To Love
40%
about, around, ask, away, blind, brains, breaking, building, burns, can't. Under Pressure
40%
after, ain't, all, bad, bed, been, before, bows, brought, calls. We Are The Champions
40%
all, bar, black, blood, blows, bone, celebration, chicken, cold, dark. One Vision
30%
affection, all, attention, babe, baby, bid, bit, blow, brains, can't. Don't Try Suicide
20%
after, again, alarm, all, always, back, because, better, bill, boy. Good Old-Fashioned Lover Boy
20%
No matching quizzes found
Score Distribution
Percent of People with Each Score
Percentile by Number Answered
Your Score History
You have not taken this quiz